Estadísticas para Símbolos del zodiaco

Haz click aquí para intentar la prueba.

Estadísticas generales

  • Esta prueba ha sido intentada 1.302 veces
  • La puntuación promedio es 9 de 12

Estadísticas de respuestas

SignoSímbolo% Correcto
LeoLeón
97%
EscorpioEscorpión
96%
PiscisPeces
95%
TauroToro
95%
CapricornioCabra del mar
83%
LibraBalanza
82%
CáncerCangrejo
81%
GéminisGemelos
73%
SagitarioCentauro
57%
VirgoVirgen
51%
AriesCarnero
43%
AcuarioPortador de agua
20%

Distribución de puntuación

Porcentaje por número respondido

Porcentaje de gente con cada puntuación

Historial de tus puntuaciones

No has intentado esta prueba.